000 00530nam a2200193Ia 4500
005 20250923145053.0
008 008 250917s9999 xx 000 0 eng d
037 _aTextual
040 _aDSWL
_beng
_cDSWL
041 _aeng
_2eng
084 _aY;4.72'N6x, K4
_qDSWL
245 0 _aSocial problems
_cEd.by Richard Laskin
260 _aNew York
_b McGraw Hill Book Co.
_c1964
300 _a559p.
365 _aUSD
_b3.95
925 _g3.95
942 _cTEXL
_hY;4.72'N6x, K4
999 _c1446728
_d1446728